000 00688nam a2200217Ia 4500
003 GCL
005 20240530105444.0
008 140319s9999 xx 000 0 ara d
040 _aGCL /
_cGCL
082 0 4 _a330/
_bأ أ
100 0 _aاحمد بديع بليح
245 1 0 _aالاقتصاد الدولى /
_cاحمد بديع بليح
260 _a[S.N] :
_bمنشاة المعارف الاسلامية ،
_c1993
300 _a314 ص
490 _aسلسلة الكتب القانونية
_v0
650 0 4 _aالقانون
650 0 4 _aالتكامل الاقتصادى
650 0 4 _aالقانون الدولى
650 0 4 _aالاقتصاد الدولى
942 _2ddc
_cBK
999 _c56214
_d56214